| 000 | 00565nam a2200193 a 4500 | ||
|---|---|---|---|
| 005 | 20210223123016.0 | ||
| 008 | 991125m19651978mx 000 0 spa u | ||
| 020 | _a8437501334 | ||
| 035 | _aUPN01000045718 | ||
| 049 | _aCG | ||
| 050 | 4 |
_aB824.6 _bL6.68 |
|
| 245 | 0 | 3 |
_aEl positivismo lógico / _ccomp. por A. J. Ayer ; tr. L. Aldama. |
| 260 |
_aMéxico : _bFCE, _c1965 (1978 impr.). |
||
| 300 | _a412 p. | ||
| 440 | 0 | _aSección de obras de filosofía | |
| 650 | 4 |
_aPOSITIVISMO LOGICO _920705 |
|
| 700 | 1 |
_aAyer, Alfred Jules, _d1910-1989 _ecomp. |
|
| 905 | _aLibro | ||
| 999 |
_c45718 _d45718 |
||